Tous les magasins Yves Rocher en Bretagne - Statistiques

Statistiques générales
  • Ce quiz a été pris 23 fois
  • Le résultat moyen est 22 sur 36
Statistiques - réponses
Hint Réponse % Correct
Finistère Brest Coat ar Gueven
96%
Finistère Brest Iroise
96%
Finistère Brest Phare Europe
96%
Ille-et-Vilaine Rennes Alma
91%
Ille-et-Vilaine Rennes Cleunay
91%
Ille-et-Vilaine Rennes Colombia
91%
Ille-et-Vilaine Rennes Grand Quartier
91%
Ille-et-Vilaine Rennes Le Bastard
91%
Ille-et-Vilaine Saint-Malo Intra-Muros
87%
Ille-et-Vilaine Saint-Malo La Madeleine
87%
Morbihan Vannes Le Brix
87%
Morbihan Vannes Le Fourchêne
87%
Morbihan Lorient Assemblée nationale
83%
Morbihan Lorient Lanester
83%
Finistère Quimper Glann Odet
78%
Finistère Quimper Kereon
78%
Finistère Morlaix Saint-Martin
70%
Morbihan Pontivy
70%
Ille-et-Vilaine Redon
65%
Ille-et-Vilaine Fougères
57%
Côte d'Armor Lannion
57%
Côte d'Armor Dinan
52%
Côte d'Armor Guingamp
48%
Morbihan Auray
43%
*Morbihan La Gacilly
39%
Finistère Carhaix
35%
Côte d'Armor Lamballe
35%
Côte d'Armor Langueux
35%
Ille-et-Vilaine Cesson-Sévigné La Rigourdière
30%
Ille-et-Vilaine Dol de Bretagne
30%
Finistère Landerneau
30%
Finistère Mellac-Quimperlé
30%
Morbihan Ploermel
22%
Finistère Pont L'Abbé
22%
Côte d'Armor Paimpol
17%
Finistère Saint-Renan
13%
Aucun quiz correspondant
Distribution des résultats
% des personnes avec chaque résultat
Percentile par nombre de réponses
Votre historique - résultats
Vous n’avez pas pris ce quiz